| 000 | 01119nam a2200337 a 4500 | ||
|---|---|---|---|
| 001 | 63870 | ||
| 003 | BD-RjUL | ||
| 005 | 20211209081239.0 | ||
| 008 | 170204s2009 ja a 001 0 eng d | ||
| 020 | _a9784903452142 | ||
| 020 | _a492497126X | ||
| 035 | _a(BD-RjUL)64000 | ||
| 040 |
_aDLC _cDLC _beng |
||
| 041 | 1 |
_aeng _hjpn |
|
| 066 | _c$1 | ||
| 082 |
_223 _a952.025 _bTSE 2009 |
||
| 100 | 1 |
_aTokugawa, Tsunenari, _d1940- _9189637 |
|
| 245 | 1 | 4 |
_aThe Edo inheritance / _cTokugawa Tsunenari ; translated by Tokugawa Iehiro. |
| 250 | _a1st English ed. | ||
| 260 |
_aTōkyō : _bInternational House of Japan, _cc2009. |
||
| 300 |
_axii, 200 p. : _bill. ; _c24 cm. |
||
| 490 | 0 |
_aLTCB international library selection ; _vno. 25 |
|
| 500 | _aOriginal title "Edo no idenshi" (Tokyo : PHP Kenyujo, 2007). | ||
| 500 | _aIncludes index. | ||
| 650 | 0 |
_aNational characteristics, Japanese. _9184472 |
|
| 651 | 0 |
_aJapan _xHistory _yTokugawa period, 1600-1868. _9185254 |
|
| 651 | 0 |
_aJapan _xSocial life and customs _y1600-1868. _9189638 |
|
| 942 |
_2ddc _cBK |
||
| 999 |
_c63870 _d63870 |
||